[Event "Brasilia Brasiliense-ch"]
[Site "Brasilia"]
[Date "2019.10.27"]
[Round "10"]
[White "De Siqueira, Luigy Lira"]
[Black "Nascimento, Davi da Silva"]
[Result "0-1"]
[WhiteElo "1939"]
[BlackElo "2079"]
[PlyCount "130"]
[EventDate "2019.10.17"]
[EventType "tourn"]
[EventRounds "11"]
[EventCountry "BRA"]
[SourceTitle "CBM 192 Extra"]
[Source "Chessbase"]
[SourceDate "2019.11.06"]
[SourceVersion "1"]
[SourceVersionDate "2019.11.06"]
[SourceQuality "1"]

1. e4 c5 2. Nf3 e6 3. d4 cxd4 4. Nxd4 Nc6 5. Nxc6 bxc6 6. Bd3 Ba6 7. 0-0 Bxd3 8. Qxd3 d5 9. Re1 Nf6 10. Nd2 dxe4 11. Qe3 Qb6 12. Nxe4 Qxe3 13. Nxf6+ Ke7 14. Bxe3 Kxf6 15. Rad1 Bb4 16. c3 Ba5 17. Bd4+ Kg6 18. Rd3 Bc7 19. Red1 Rhd8 20. Bc5 Rd5 21. Be3 Rad8 22. Rxd5 exd5 23. Rd4 Kf5 24. Kf1 h5 25. Ke2 g5 26. h3 Bb6 27. Ra4 c5 28. b4 cxb4 29. Bxb6 axb6 30. Rxb4 Rd6 31. Rb5 Ke4 32. Rb4+ Ke5 33. Rb5 Rc6 34. Kd3 f5 35. Rb4 f4 36. f3 g4 37. hxg4 hxg4 38. g3 gxf3 39. Rxf4 Rg6 40. Rxf3 Rg4 41. Kc2 Kd6 42. Kb3 Kc5 43. a4 Rg8 44. Re3 Rg5 45. Re8 Rxg3 46. Rc8+ Kd6 47. Kb4 Kd7 48. Rh8 Kc6 49. Rh6+ Kc7 50. Rh7+ Kc6 51. Rh6+ Kc7 52. Kb5 Rxc3 53. Rh7+ Kd6 54. Kxb6 Rb3+ 55. Ka6 d4 56. Rh8 Kd7 57. Rh4 d3 58. Rd4+ Kc6 59. a5 Kc5 60. Rd8 Kc4 61. Ka7 Rb5 62. Rxd3 Kxd3 63. a6 Kc4 64. Ka8 Kc5 65. a7 Kb6 0-1

[Event "BRA-ch sf1"]
[Site "Brasilia"]
[Date "2019.06.08"]
[Round "2"]
[White "Nascimento, Davi da Silva"]
[Black "De Oliveira, Henrique Lima"]
[Result "1-0"]
[WhiteElo "2110"]
[BlackElo "1800"]
[PlyCount "55"]
[EventDate "2019.06.07"]
[EventType "swiss"]
[EventRounds "5"]
[EventCountry "BRA"]
[SourceTitle "CBM 190 Extra"]
[Source "ChessBase"]
[SourceDate "2019.07.15"]
[SourceVersion "1"]
[SourceVersionDate "2019.07.15"]
[SourceQuality "1"]

1. d4 d5 2. c4 e6 3. Nc3 Nf6 4. Nf3 a6 5. Bf4 Nbd7 6. c5 b6 7. b4 Be7 8. h3 Nh5 9. Bh2 f5 10. e3 0-0 11. Bd3 Nhf6 12. 0-0 Ne4 13. Bxe4 fxe4 14. Ne5 Nxe5 15. Bxe5 Bd7 16. a3 Bf6 17. Bh2 b5 18. f3 exf3 19. Rxf3 c6 20. Qc2 a5 21. Raf1 axb4 22. axb4 Re8 23. Bd6 Qc8 24. Qf2 Be7 25. Be5 Rf8 26. Bxg7 Rxf3 27. Qxf3 Ra3 28. Qf7# 1-0

[Event "Brasilia Terraviva op"]
[Site "Brasilia"]
[Date "2019.01.13"]
[Round "6"]
[White "Brito, Luismar Jorge"]
[Black "Nascimento, Davi da Silva"]
[Result "1/2-1/2"]
[WhiteElo "2335"]
[BlackElo "2069"]
[PlyCount "59"]
[EventDate "2019.01.10"]
[EventType "swiss"]
[EventRounds "7"]
[EventCountry "BRA"]
[SourceTitle "CBM 188 Extra"]
[Source "ChessBase"]
[SourceDate "2019.02.26"]
[SourceVersion "1"]
[SourceVersionDate "2019.02.26"]
[SourceQuality "1"]

1. b3 d5 2. Bb2 Nf6 3. e3 g6 4. f4 Bg7 5. Nf3 Bg4 6. Be2 Bxf3 7. Bxf3 c6 8. 0-0 Nbd7 9. Nc3 0-0 10. Ne2 Re8 11. Qe1 e5 12. fxe5 Nxe5 13. Qg3 Ne4 14. Bxe4 dxe4 15. Rad1 Qe7 16. a4 Rad8 17. Bd4 c5 18. Bc3 b6 19. Nf4 Rd7 20. Qe1 f5 21. Qe2 a5 22. Qb5 Rd6 23. h3 Red8 24. Rf2 Qd7 25. Qe2 Qe8 26. Kf1 Bf6 27. Kg1 Qd7 28. Kh2 Kg7 29. Kh1 Qf7 30. Nh5+ 1/2-1/2

[Event "Brasilia Terraviva op"]
[Site "Brasilia"]
[Date "2019.01.11"]
[Round "3"]
[White "Nascimento, Davi da Silva"]
[Black "Nogueira, Ivan Kuhlmann"]
[Result "1/2-1/2"]
[WhiteElo "2069"]
[BlackElo "2281"]
[PlyCount "84"]
[EventDate "2019.01.10"]
[EventType "swiss"]
[EventRounds "7"]
[EventCountry "BRA"]
[SourceTitle "CBM 188 Extra"]
[Source "ChessBase"]
[SourceDate "2019.02.26"]
[SourceVersion "1"]
[SourceVersionDate "2019.02.26"]
[SourceQuality "1"]

1. d4 g6 2. e4 Bg7 3. f4 c6 4. Nf3 d5 5. e5 h5 6. h4 Bg4 7. c3 Nh6 8. Bd3 Nf5 9. Kf2 Nd7 10. b4 0-0 11. Qc2 Nh6 12. g3 Bf5 13. Be3 f6 14. Nbd2 Qb6 15. exf6 exf6 16. Kg2 Rfe8 17. Rhe1 Qb5 18. Bxf5 Nxf5 19. Nf1 Re4 20. N3d2 Re6 21. a4 Qa6 22. Bf2 Rae8 23. Rxe6 Rxe6 24. c4 Qb6 25. cxd5 cxd5 26. Qc8+ Nf8 27. Qc5 Kh7 28. a5 Qc6 29. b5 Qd7 30. Qxa7 Qxb5 31. Rb1 Qd3 32. Rb3 Qe2 33. Rxb7 Ra6 34. Qc5 Ne6 35. Qb5 Nxh4+ 36. Kg1 Nxd4 37. Qxd5 Ndf3+ 38. Nxf3 Nxf3+ 39. Kg2 Ne1+ 40. Kg1 Nf3+ 41. Kg2 Ne1+ 42. Kg1 Nf3+ 1/2-1/2

[Event "Brasilia Terraviva op"]
[Site "Brasilia"]
[Date "2019.01.11"]
[Round "2"]
[White "Robinson, Malcolm"]
[Black "Nascimento, Davi da Silva"]
[Result "0-1"]
[WhiteElo "1835"]
[BlackElo "2069"]
[PlyCount "80"]
[EventDate "2019.01.10"]
[EventType "swiss"]
[EventRounds "7"]
[EventCountry "BRA"]
[SourceTitle "CBM 188 Extra"]
[Source "ChessBase"]
[SourceDate "2019.02.26"]
[SourceVersion "1"]
[SourceVersionDate "2019.02.26"]
[SourceQuality "1"]

1. Nf3 d5 2. d4 Nf6 3. c4 c6 4. Qc2 g6 5. e3 Bf5 6. Bd3 Bxd3 7. Qxd3 Bg7 8. Nc3 0-0 9. b3 Re8 10. Bb2 Nbd7 11. 0-0 e6 12. Rfd1 a6 13. e4 Nxe4 14. Nxe4 dxe4 15. Qxe4 Nf6 16. Qe2 Qc7 17. Ne5 Nd7 18. Nxd7 Qxd7 19. Rd3 b5 20. Rad1 Qb7 21. Qd2 Rad8 22. Bc3 Rd7 23. Ba5 Bf8 24. Kf1 b4 25. a3 bxa3 26. b4 Bg7 27. Qa2 Qb8 28. Kg1 e5 29. d5 e4 30. R3d2 cxd5 31. cxd5 Bc3 32. Rc2 Bb2 33. Qc4 Qb5 34. Qb3 Qd3 35. Rxb2 axb2 36. Rxd3 exd3 37. b5 Rxd5 38. Qxb2 Rxb5 39. Qa2 Re2 40. Qa1 Reb2 0-1

[Event "BRA-ch sf2"]
[Site "Brasilia"]
[Date "2018.07.20"]
[Round "3.6"]
[White "Nascimento, Davi da Silva"]
[Black "Moraes Silva, Carlos Alessandro"]
[Result "0-1"]
[WhiteElo "2098"]
[BlackElo "2009"]
[PlyCount "74"]
[EventDate "2018.07.20"]
[EventType "swiss"]
[EventRounds "5"]
[EventCountry "BRA"]
[SourceTitle "EXT 2022"]
[Source "ChessBase"]
[SourceDate "2021.10.06"]
[SourceVersion "1"]
[SourceVersionDate "2021.10.06"]
[SourceQuality "1"]

1. d4 Nf6 2. c4 e6 3. Nc3 d5 4. cxd5 exd5 5. Nf3 c6 6. Bg5 Be7 7. Qc2 0-0 8. e3 Ne4 9. Bf4 f5 10. Bd3 Be6 11. h4 Nd7 12. g3 a6 13. Ne5 Nxe5 14. Bxe5 Rc8 15. f3 Nxc3 16. bxc3 h6 17. Qb3 b5 18. Kf2 c5 19. Be2 Qa5 20. a4 c4 21. Qc2 b4 22. cxb4 Bxb4 23. f4 Qd8 24. Rag1 Bd6 25. g4 Bxe5 26. fxe5 f4 27. Bf3 fxe3+ 28. Kxe3 Rb8 29. Rb1 Rxb1 30. Qxb1 Qa5 31. Qc2 Qb4 32. Rc1 Qe7 33. Ke2 Qxh4 34. Qg6 Qh2+ 35. Kd1 Rxf3 36. Qxe6+ Kh7 37. Qf5+ Rxf5 0-1

[Event "Brasilia Terraviva op"]
[Site "Brasilia"]
[Date "2018.01.11"]
[Round "1"]
[White "Souza, Neurismar da Rocha"]
[Black "Nascimento, Davi da Silva"]
[Result "0-1"]
[WhiteElo "1637"]
[BlackElo "2084"]
[PlyCount "82"]
[EventDate "2018.01.11"]
[EventType "swiss"]
[EventRounds "7"]
[EventCountry "BRA"]
[SourceTitle "CBM 182 Extra"]
[Source "ChessBase"]
[SourceDate "2018.02.23"]
[SourceVersion "1"]
[SourceVersionDate "2018.02.23"]
[SourceQuality "1"]

1. e4 c5 2. Nf3 e6 3. d4 cxd4 4. Nxd4 a6 5. Nc3 d6 6. Bd3 Bd7 7. 0-0 Nf6 8. Bg5 Be7 9. Kh1 Nc6 10. Nb3 h6 11. Bh4 g5 12. Bg3 e5 13. f3 b5 14. a3 Qc7 15. Qd2 Be6 16. Rac1 Nh5 17. Bf2 Nf4 18. Qe3 0-0 19. Nd2 Qd7 20. Ne2 d5 21. Nxf4 gxf4 22. Qe1 d4 23. Bh4 Kh7 24. g3 fxg3 25. Bxg3 Bh3 26. Rg1 Bg5 27. Qe2 Rg8 28. Rb1 Rg7 29. Nf1 Rag8 30. Bf2 Ne7 31. Ng3 Bf4 32. Qe1 Rg5 33. Bf1 Bxf1 34. Qxf1 Rc8 35. Qd3 Qh3 36. Rbe1 h5 37. Qf1 Qxf1 38. Rgxf1 Rxc2 39. Re2 Rc6 40. Ree1 d3 41. Rg1 Rc2 0-1

[Event "Brasilia-ch"]
[Site "Brasilia"]
[Date "2017.11.15"]
[Round "1"]
[White "Nascimento, Davi da Silva"]
[Black "De Oliveira, Italo Candido"]
[Result "1-0"]
[WhiteElo "2094"]
[BlackElo "1792"]
[PlyCount "97"]
[EventDate "2017.11.15"]
[EventType "swiss"]
[EventRounds "7"]
[EventCountry "BRA"]
[SourceTitle "EXT 2019"]
[Source "ChessBase"]
[SourceDate "2018.10.10"]
[SourceVersion "1"]
[SourceVersionDate "2018.10.10"]
[SourceQuality "1"]

1. e4 d5 2. e5 c5 3. f4 Nc6 4. Nf3 e6 5. g3 Bd7 6. Bg2 Qb6 7. d3 Nh6 8. c3 0-0-0 9. 0-0 c4+ 10. d4 f5 11. b3 Na5 12. Nbd2 Qa6 13. Re1 Nf7 14. Bf1 b5 15. Bb2 Qb7 16. Qc1 Nc6 17. a4 a6 18. axb5 axb5 19. bxc4 bxc4 20. Ba3 Kc7 21. Bxf8 Rdxf8 22. Rb1 Qa7 23. Ra1 Qb7 24. Qc2 Ra8 25. Reb1 Qc8 26. Ng5 Nxg5 27. fxg5 Rxa1 28. Rxa1 Kd8 29. Qb2 Ke7 30. Qa3+ Kf7 31. Qd6 Rd8 32. Be2 Be8 33. Qc5 Kg8 34. g4 Bg6 35. h4 f4 36. h5 Be4 37. Nxe4 dxe4 38. Bxc4 Nxd4 39. cxd4 Qd7 40. Ra7 Qxd4+ 41. Qxd4 Rxd4 42. Bxe6+ Kf8 43. Rf7+ Ke8 44. Rxf4 Ke7 45. Bf5 g6 46. Bxe4 Ke6 47. Bf5+ Kxe5 48. Rxd4 Kxd4 49. Bxg6 1-0

[Event "Brazil Fiesta op"]
[Site "Brazil"]
[Date "2017.07.23"]
[Round "6"]
[White "Labussiere, Yago"]
[Black "Nascimento, Davi da Silva"]
[Result "1-0"]
[WhiteElo "1856"]
[BlackElo "2136"]
[PlyCount "57"]
[EventDate "2017.07.21"]
[EventType "swiss"]
[EventRounds "6"]
[EventCountry "BRA"]
[SourceTitle "EXT 2019"]
[Source "ChessBase"]
[SourceDate "2018.10.10"]
[SourceVersion "1"]
[SourceVersionDate "2018.10.10"]
[SourceQuality "1"]

1. d4 d5 2. c4 e6 3. Nc3 c6 4. e4 Nf6 5. cxd5 cxd5 6. e5 Ne4 7. Nf3 Nc6 8. Bd3 Bb4 9. Qc2 f5 10. exf6 Nxf6 11. 0-0 Bd7 12. Bg5 Bxc3 13. bxc3 Qe7 14. Rab1 Nd8 15. Ne5 Bc6 16. Rfe1 Nf7 17. Nxf7 Qxf7 18. Bf5 Kd7 19. Rxe6 Qxe6 20. Bxe6+ Kxe6 21. Qe2+ Kf7 22. Qf3 Kg6 23. Qg4 Kf7 24. Qf4 Kg6 25. Qd6 Kf7 26. Qf4 Kg6 27. c4 Rad8 28. Re1 Rhf8 29. Bxf6 1-0

[Event "Brazil Fiesta op"]
[Site "Brazil"]
[Date "2017.07.21"]
[Round "1"]
[White "Nascimento, Davi da Silva"]
[Black "Lins, Gustavo Ferreira"]
[Result "1-0"]
[WhiteElo "2136"]
[BlackElo "1670"]
[PlyCount "53"]
[EventDate "2017.07.21"]
[EventType "swiss"]
[EventRounds "6"]
[EventCountry "BRA"]
[SourceTitle "EXT 2019"]
[Source "ChessBase"]
[SourceDate "2018.10.10"]
[SourceVersion "1"]
[SourceVersionDate "2018.10.10"]
[SourceQuality "1"]

1. d4 Nf6 2. c4 g6 3. Nc3 d5 4. Nf3 Bg7 5. c5 0-0 6. a3 c6 7. h3 Ne4 8. e3 Nxc3 9. bxc3 Nd7 10. Bd2 b6 11. cxb6 axb6 12. Be2 Ba6 13. 0-0 Bxe2 14. Qxe2 b5 15. e4 e6 16. e5 Qc7 17. Bg5 Rfe8 18. Nh2 Nb6 19. Ng4 Nd7 20. Qf3 h5 21. Nh6+ Bxh6 22. Bxh6 Qd8 23. Qg3 Kh7 24. Bg5 f6 25. exf6 Nxf6 26. Qe5 Ng4 27. hxg4 1-0

[Event "Brasilia CBX/FBX"]
[Site "Brasilia"]
[Date "2016.11.01"]
[Round "9"]
[White "Cubas, Jose Fernando"]
[Black "Nascimento, Davi da Silva"]
[Result "0-1"]
[WhiteElo "2466"]
[BlackElo "2117"]
[PlyCount "150"]
[EventDate "2016.10.26"]
[EventType "tourn"]
[EventRounds "9"]
[EventCountry "BRA"]
[EventCategory "2"]
[SourceTitle "CBM 175 Extra"]
[Source "ChessBase"]
[SourceDate "2016.12.12"]
[SourceVersion "1"]
[SourceVersionDate "2016.12.12"]
[SourceQuality "1"]

1. e4 e6 2. d4 d5 3. Nd2 c5 4. Ngf3 Nf6 5. e5 Ne4 6. c3 Nxd2 7. Bxd2 Qb6 8. Bd3 h6 9. 0-0 Be7 10. dxc5 Qxc5 11. Nd4 a6 12. Qg4 Bf8 13. Qh5 Nc6 14. b4 Qe7 15. Nxc6 bxc6 16. Be3 g6 17. Qe2 Qc7 18. Bd4 c5 19. bxc5 Bxc5 20. Rac1 Kf8 21. Qe3 Bxd4 22. cxd4 Qe7 23. Rc6 Bb7 24. Rb6 Kg7 25. Rfb1 Ra7 26. h4 h5 27. Qf4 Bc8 28. Rc6 Bb7 29. Rc5 Re8 30. a4 a5 31. Bb5 Rc8 32. Rbc1 Raa8 33. Be2 Rxc5 34. Rxc5 Kh7 35. Qc1 Kg8 36. Rc7 Qb4 37. Bxh5 Qb6 38. Be2 Ba6 39. Rc6 Qb7 40. Bxa6 Rxa6 41. Rc8+ Kg7 42. Qc5 Qb4 43. Qc1 Qe7 44. h5 Ra7 45. Qf4 Rb7 46. g4 Qh4 47. h6+ Kh7 48. Kg2 g5 49. Qf3 Qxh6 50. Ra8 Kg7 51. Qa3 Rb4 52. Qd3 Rxa4 53. Qc3 Rc4 54. Qa3 Rb4 55. Qd3 Qg6 56. Qf3 Qe4 57. Qxe4 dxe4 58. d5 exd5 59. Rxa5 d4 60. Rd5 Kf8 61. Kf1 Ke7 62. Rd6 Rb1+ 63. Ke2 Rb2+ 64. Ke1 d3 65. Rf6 Re2+ 66. Kf1 e3 67. fxe3 Rxe3 68. Rd6 Re4 69. Rxd3 Rxg4 70. Ra3 Rf4+ 71. Kg2 Ke6 72. Ra5 Rf5 73. Kg3 Rxe5 74. Ra6+ Kf5 75. Ra3 f6 0-1

[Event "Brasilia CBX/FBX"]
[Site "Brasilia"]
[Date "2016.10.30"]
[Round "7"]
[White "Souza Neves, Andrey Marcelo"]
[Black "Nascimento, Davi da Silva"]
[Result "1-0"]
[WhiteElo "2200"]
[BlackElo "2117"]
[PlyCount "110"]
[EventDate "2016.10.26"]
[EventType "tourn"]
[EventRounds "9"]
[EventCountry "BRA"]
[EventCategory "2"]
[SourceTitle "CBM 175 Extra"]
[Source "ChessBase"]
[SourceDate "2016.12.12"]
[SourceVersion "1"]
[SourceVersionDate "2016.12.12"]
[SourceQuality "1"]

1. d4 d5 2. c4 c6 3. Nf3 e6 4. e3 f5 5. Nc3 Nd7 6. Qc2 g6 7. h4 Ndf6 8. Ne5 Nd7 9. Bd2 Nxe5 10. dxe5 Bg7 11. f4 h5 12. 0-0-0 a6 13. Kb1 Bd7 14. c5 b6 15. Na4 b5 16. Nb6 Ra7 17. Be2 Ne7 18. Ba5 Qb8 19. Rdg1 Kf8 20. Qd1 Be8 21. Rh3 Rb7 22. e4 dxe4 23. Qd6 Kf7 24. Rd1 Qxd6 25. cxd6 Nd5 26. Nxd5 exd5 27. Rc3 Bd7 28. Kc1 Ke6 29. Rc5 Bh6 30. g3 Rc8 31. Kc2 Bf8 32. Bb4 Ra7 33. Rc3 Raa8 34. Bc5 Rcb8 35. Kd2 Bg7 36. Bd4 Bf8 37. Rg1 Kf7 38. Ke3 Bh6 39. Rgc1 Rc8 40. Bb6 Bf8 41. Kd4 Rab8 42. Bc7 Rb7 43. Rxc6 Bxc6 44. Rxc6 Ke6 45. Rxa6 b4 46. Bd1 Rbxc7 47. dxc7+ Kd7 48. Ba4+ Kxc7 49. Rc6+ Kd8 50. Rxc8+ Kxc8 51. Be8 Kc7 52. Bxg6 Kc6 53. Be8+ Kb6 54. Bxh5 Bc5+ 55. Kxd5 Bf2 1-0

[Event "Brasilia CBX/FBX"]
[Site "Brasilia"]
[Date "2016.10.29"]
[Round "4"]
[White "Delgado Ramirez, Neuris"]
[Black "Nascimento, Davi da Silva"]
[Result "1-0"]
[WhiteElo "2611"]
[BlackElo "2117"]
[PlyCount "47"]
[EventDate "2016.10.26"]
[EventType "tourn"]
[EventRounds "9"]
[EventCountry "BRA"]
[EventCategory "2"]
[SourceTitle "CBM 175 Extra"]
[Source "ChessBase"]
[SourceDate "2016.12.12"]
[SourceVersion "1"]
[SourceVersionDate "2016.12.12"]
[SourceQuality "1"]

1. e4 c5 2. Nf3 d6 3. c3 Nf6 4. Be2 e6 5. 0-0 Be7 6. Re1 0-0 7. Bf1 b6 8. d4 Bb7 9. Nbd2 cxd4 10. cxd4 Ne8 11. a3 Nd7 12. Bd3 g6 13. Nf1 f5 14. exf5 exf5 15. Bc4+ d5 16. Bb3 Ng7 17. Bh6 Bf6 18. Ne3 Nb8 19. Ne5 Re8 20. Qf3 Bxe5 21. dxe5 Rxe5 22. Nxd5 Rxe1+ 23. Rxe1 Kh8 24. Qc3 1-0

[Event "Brasilia-ch op"]
[Site "Brasilia"]
[Date "2015.10.31"]
[Round "3"]
[White "Nascimento, Davi da Silva"]
[Black "Taira, Erick Hideki"]
[Result "1-0"]
[WhiteElo "2136"]
[BlackElo "1655"]
[PlyCount "81"]
[EventDate "2015.10.30"]
[EventType "swiss"]
[EventRounds "7"]
[EventCountry "BRA"]
[SourceTitle "CBM 169 Extra"]
[Source "ChessBase"]
[SourceDate "2015.12.18"]
[SourceVersion "1"]
[SourceVersionDate "2015.12.18"]
[SourceQuality "1"]

1. d4 d5 2. c4 e6 3. Nc3 dxc4 4. Nf3 c6 5. a4 Bb4 6. e4 b5 7. Bg5 Ne7 8. Be2 a5 9. 0-0 Bxc3 10. bxc3 0-0 11. Qb1 Bd7 12. Ne5 Be8 13. Ng4 f6 14. Bf4 Na6 15. Rd1 Nc7 16. Ne3 Bg6 17. Bf3 Ncd5 18. Nxd5 Nxd5 19. Qc1 Nxf4 20. Qxf4 Qb8 21. Qe3 b4 22. Be2 bxc3 23. Bxc4 Qd6 24. f3 c2 25. Rd2 Bf7 26. Rxc2 Rad8 27. Rd1 e5 28. Bxf7+ Rxf7 29. d5 Qc7 30. Rdc1 Qa7 31. Qxa7 Rxa7 32. Rxc6 Rb8 33. Rc8+ Rxc8 34. Rxc8+ Kf7 35. Rc5 Ke7 36. Kf2 Kd7 37. g4 h6 38. h4 g6 39. Rc6 Rb7 40. Ra6 Rb2+ 41. Kg3 1-0

[Event "Brasilia FBX 50"]
[Site "Brasilia"]
[Date "2015.09.05"]
[Round "2"]
[White "Ferreira, Jose Carlos"]
[Black "Nascimento, Davi da Silva"]
[Result "0-1"]
[WhiteElo "1898"]
[BlackElo "2113"]
[PlyCount "100"]
[EventDate "2015.09.05"]
[EventType "swiss"]
[EventRounds "6"]
[EventCountry "BRA"]
[SourceTitle "EXT 2016"]
[Source "ChessBase"]
[SourceDate "2015.10.08"]
[SourceVersion "1"]
[SourceVersionDate "2015.10.08"]
[SourceQuality "1"]

1. d4 Nf6 2. c4 e6 3. Nc3 d5 4. cxd5 exd5 5. Bg5 c6 6. e3 Nbd7 7. Bd3 Be7 8. Nge2 Nh5 9. Bxe7 Qxe7 10. Qc2 g6 11. g4 Ng7 12. 0-0-0 Nb6 13. Rdg1 Bd7 14. Kb1 0-0-0 15. Na4 Nxa4 16. Qxa4 Kb8 17. Qb3 Ne6 18. Nc3 Bc8 19. Rc1 h5 20. gxh5 Rxh5 21. Na4 Qd6 22. f4 f5 23. Rcg1 Rh6 24. a3 c5 25. Nxc5 Nxc5 26. dxc5 Qxc5 27. Be2 Re8 28. Bf3 Rxe3 29. Qxd5 Qxd5 30. Bxd5 Be6 31. Bxe6 Rxe6 32. Rg2 Kc7 33. Rd1 b6 34. Rc2+ Rc6 35. Rcd2 b5 36. Rc1 Rxc1+ 37. Kxc1 Kc6 38. Kc2 Kc5 39. b3 a5 40. Kb2 Rh4 41. Rg2 Rxf4 42. Rxg6 Rf2+ 43. Kb1 Rxh2 44. Rf6 Rf2 45. Rf8 b4 46. Rc8+ Kd4 47. axb4 axb4 48. Rc4+ Ke3 49. Rxb4 f4 50. Rb8 f3 0-1

[Event "Brasilia FBX 50"]
[Site "Brasilia"]
[Date "2015.09.05"]
[Round "4"]
[White "Leitao Neto, Antonio Alves"]
[Black "Nascimento, Davi da Silva"]
[Result "0-1"]
[WhiteElo "1939"]
[BlackElo "2113"]
[PlyCount "60"]
[EventDate "2015.09.05"]
[EventType "swiss"]
[EventRounds "6"]
[EventCountry "BRA"]
[SourceTitle "EXT 2016"]
[Source "ChessBase"]
[SourceDate "2015.10.08"]
[SourceVersion "1"]
[SourceVersionDate "2015.10.08"]
[SourceQuality "1"]

1. e4 e6 2. d4 d5 3. Nd2 c5 4. Ngf3 cxd4 5. Nxd4 Nf6 6. Bb5+ Bd7 7. e5 Bxb5 8. exf6 Ba6 9. fxg7 Bxg7 10. N2f3 Nc6 11. Be3 Qe7 12. c3 0-0 13. Qc2 f5 14. g3 Rac8 15. Nxc6 Rxc6 16. Nd4 Bxd4 17. Bxd4 e5 18. Be3 d4 19. Bd2 e4 20. Bf4 dxc3 21. bxc3 Rfc8 22. Qb3+ Bc4 23. Qb4 Qf7 24. 0-0-0 Rb6 25. Qa5 Bd3 26. Rxd3 exd3 27. Re1 Ra6 28. Qb5 Rxa2 29. Qe5 Rc2+ 30. Kd1 Qh5+ 0-1